Only One Vowel Quiz Stats

Quiz Updated Jul 3, 2016

Also try: Hello, Goodbye
Challenge
Share
Tweet
Embed
Score 0/25 Timer 05:00
0 Plays Today
% Correct
E
94.7%
A
93.8%
O
93.8%
I
92.7%
I
90.9%
I
89.8%
E
89.5%
O
89%
A
89%
E
85.9%
I
85.8%
O
85.7%
O
85.4%
% Correct
A
84.4%
A
83.5%
U
77.8%
I
75.9%
E
75.6%
U
65.4%
O
63.7%
E
59.6%
A
56.3%
U
42.6%
U
31.9%
U
19.2%

You're not logged in!

Compare scores with friends on all Sporcle quizzes.
Sign Up with Email
OR
Log In

You Might Also Like...

Show Comments

Extras

Top Quizzes Today


Score Distribution

Your Account Isn't Verified!

In order to create a playlist on Sporcle, you need to verify the email address you used during registration. Go to your Sporcle Settings to finish the process.